000 00926nam a22003017a 4500
001 BR7902026
003 BR-BrBNA
005 20230928085956.0
007 ta
008 230509b bl.||||| |||| 00| 0 por d
040 _aBR-BrBNA
_bpor
_cBiblioteca Nacional de Agricultura
041 _a(Por)
072 _aL30; L36
_b1540
_b5300
090 _ 1540 BR7902026
100 1 _aSoares, M. de C.
100 1 _aNeves, J.F.
110 1 _aEscola Superior de Agricultura de Lavras, MG (Brasil)
245 1 _aA mandioca na alimentacao de suinos [Manihot esculenta, valor nutritivo, composicao quimica]
_bCurso de Capacitacao de Tecnicos para a Cultura da Mandioca - v. 19
260 3 _aLavras, MG (Brasil):
_c1978.
300 _a35 p.
500 _a35 ref.
650 _aMANDIOCA
650 _aSUINO
650 _aVALOR NUTRITIVO
650 _aCOMPOSICAO QUIMICA
909 _a202309
_bLucia
_c55
_dLucia Elande
942 _cBK
999 _c27267
_d27267